[Event "Gibtelecom AmatWk1 6th"]
[Site "Gibraltar"]
[Date "2008.01.24"]
[Round "3.41"]
[White "Lode, Marius Skefstad"]
[Black "Horlock, Peter J"]
[Result "0-1"]
[WhiteElo "1822"]
[BlackElo "1592"]
[PlyCount "128"]
[EventDate "2008.01.22"]
[EventType "swiss"]
[EventRounds "5"]
[EventCountry "GGB"]
[SourceTitle "BritBase"]
[Source "www.saund.co.uk"]
[SourceDate "2018.02.10"]
[SourceVersion "1"]
[SourceVersionDate "2018.02.10"]
[SourceQuality "1"]

1. Nc3 Nf6 2. e4 d6 3. d4 Nbd7 4. Nf3 e6 5. Bc4 c6 6. Bb3 Qc7 7. O-O Be7 8. d5
Nc5 9. dxe6 Bxe6 10. Bxe6 Nxe6 11. Re1 O-O 12. Nd4 Nxd4 13. Qxd4 Ng4 14. h3 Bf6
15. Qd3 Ne5 16. Qg3 Ng6 17. Kh1 Rfe8 18. Bg5 Bxg5 19. Qxg5 Re5 20. Qd2 Rae8 21.
Rad1 R5e6 22. f4 Nh4 23. f5 Rh6 24. Qf4 Qd8 25. g3 Nxf5 26. exf5 Rxe1+ 27. Rxe1
Rxh3+ 28. Kg2 Rh6 29. Qe3 Kf8 30. Qxa7 Qc8 31. Qe3 Qd7 32. g4 d5 33. Qe5 Qd8
34. Nd1 f6 35. Qe6 g6 36. Nf2 gxf5 37. gxf5 Rh5 38. Ng4 Rg5 39. Kf3 Kg7 40. Rh1
h5 41. Ne3 Qc7 42. Nf1 Rg4 43. Qe3 d4 44. Qd2 Qe5 45. Rh2 Qxf5+ 46. Ke2 Re4+
47. Kd3 Re5+ 48. Kc4 Qxf1+ 49. Kb3 Qb5+ 50. Qb4 Qxb4+ 51. Kxb4 Rg5 52. Kc4 c5
53. Kb5 Kg6 54. Kb6 c4 55. Kxb7 Rb5+ 56. Kc6 Rxb2 57. a4 d3 58. Rh1 dxc2 59.
Rc1 Kf5 60. a5 Ke4 61. a6 Kd3 62. a7 Ra2 63. Kb7 Kd2 64. Rh1 Rxa7+ 0-1

[Event "Gibtelecom AmatWk1 6th"]
[Site "Gibraltar"]
[Date "2008.01.24"]
[Round "3.42"]
[White "Jacobsen, Maria Pitz"]
[Black "Garcia Lechugo, Francisco"]
[Result "0-1"]
[WhiteElo "1799"]
[BlackElo "1515"]
[PlyCount "164"]
[EventDate "2008.01.22"]
[EventType "swiss"]
[EventRounds "5"]
[EventCountry "GGB"]
[SourceTitle "BritBase"]
[Source "www.saund.co.uk"]
[SourceDate "2018.02.10"]
[SourceVersion "1"]
[SourceVersionDate "2018.02.10"]
[SourceQuality "1"]

1. e4 g6 2. d4 Bg7 3. Nc3 d6 4. Be2 Nd7 5. Be3 a6 6. f4 b5 7. Bf3 c6 8. e5 Qc7
9. Nge2 Bb7 10. O-O d5 11. Ng3 e6 12. Qd2 Nb6 13. b3 Ne7 14. Rae1 Nf5 15. Nxf5
gxf5 16. Kh1 h5 17. Qe2 O-O-O 18. Bxh5 f6 19. Bg1 Kb8 20. exf6 Bxf6 21. Qxe6
Rh6 22. Qxf5 Rdh8 23. g4 Bc8 24. Qd3 Be7 25. Ne2 R8h7 26. Qf3 Qd8 27. Ng3 Qh8
28. Qe2 Bb4 29. Qe5+ Qxe5 30. Rxe5 Bd6 31. Re8 Nd7 32. Nf5 Rf6 33. Nxd6 Rxd6
34. Rfe1 Nf6 35. R1e7 Rxe7 36. Rxe7 Nxg4 37. Bxg4 Bxg4 38. Bf2 Bf3+ 39. Kg1
Rg6+ 40. Bg3 Kc8 41. Re5 Be4 42. c3 Bb1 43. a3 Kd7 44. Kf2 Ba2 45. b4 Bb1 46.
Ke3 Rg7 47. f5 Rf7 48. Kf4 Bc2 49. Kg5 Rg7+ 50. Kf6 Rh7 51. Kg6 Rh8 52. Kg7 Rh5
53. Kg6 Rh8 54. Kg5 Rg8+ 55. Kf4 Rf8 56. Kg5 Rg8+ 57. Kf6 Rf8+ 58. Kg6 Rg8+ 59.
Kf7 Rh8 60. Re7+ Kd8 61. Ke6 Bxf5+ 62. Kxf5 Kxe7 63. Kf4 Ke6 64. Kf3 Rf8+ 65.
Ke2 Kf5 66. Be5 Kg4 67. Ke3 Rf3+ 68. Kd2 Rf2+ 69. Kc1 Ra2 70. Kb1 Re2 71. Bg3
Kf3 72. Kc1 Ke3 73. Kd1 Kd3 74. Be5 Ra2 75. Ke1 Kxc3 76. h4 Rxa3 77. h5 Ra1+
78. Kf2 Rh1 79. Bd6 Rxh5 80. Bc5 Rh2+ 81. Kf3 Rb2 82. Ke3 Rxb4 0-1

[Event "Gibtelecom AmatWk1 6th"]
[Site "Gibraltar"]
[Date "2008.01.24"]
[Round "3.43"]
[White "Hansen, Linda Marie"]
[Black "Hannan, Peter"]
[Result "0-1"]
[WhiteElo "1531"]
[BlackElo "1728"]
[PlyCount "40"]
[EventDate "2008.01.22"]
[EventType "swiss"]
[EventRounds "5"]
[EventCountry "GGB"]
[SourceTitle "BritBase"]
[Source "www.saund.co.uk"]
[SourceDate "2018.02.10"]
[SourceVersion "1"]
[SourceVersionDate "2018.02.10"]
[SourceQuality "1"]

1. e4 e5 2. Nf3 d6 3. Bc4 Nc6 4. d3 Be7 5. h3 Na5 6. Nbd2 Nxc4 7. Nxc4 f5 8.
exf5 Bxf5 9. Ne3 Bd7 10. b3 Nf6 11. Bb2 c6 12. Qe2 O-O 13. O-O-O a5 14. g4 Nd5
15. Nxd5 cxd5 16. Nxe5 dxe5 17. Qxe5 Bf6 18. Qxd5+ Kh8 19. Qxb7 Bxb2+ 20. Kxb2
Qf6+ 0-1

[Event "Gibtelecom AmatWk1 6th"]
[Site "Gibraltar"]
[Date "2008.01.24"]
[Round "3.44"]
[White "Cox, Marian"]
[Black "Bishop, Geoffrey L"]
[Result "1/2-1/2"]
[WhiteElo "1200"]
[BlackElo "1664"]
[PlyCount "121"]
[EventDate "2008.01.22"]
[EventType "swiss"]
[EventRounds "5"]
[EventCountry "GGB"]
[SourceTitle "BritBase"]
[Source "www.saund.co.uk"]
[SourceDate "2018.02.10"]
[SourceVersion "1"]
[SourceVersionDate "2018.02.10"]
[SourceQuality "1"]

1. e4 c5 2. Nf3 d6 3. Bc4 Nc6 4. d3 Nf6 5. Nc3 Na5 6. Bb5+ Bd7 7. Bxd7+ Qxd7 8.
O-O e6 9. Re1 Be7 10. e5 Ng4 11. Bf4 Nc6 12. exd6 Bxd6 13. Bxd6 Qxd6 14. h3 h5
15. Nb5 Qb8 16. g3 a6 17. Nc3 Nge5 18. Kg2 Nxf3 19. Qxf3 Nd4 20. Qd1 Qc7 21. f3
O-O-O 22. h4 g5 23. Rh1 g4 24. fxg4 Qc6+ 25. Kf2 hxg4 26. Qxg4 Nxc2 27. Rad1
Rxd3 28. Qe4 Qxe4 29. Nxe4 Rhd8 30. Rc1 Nd4 31. Rxc5+ Kb8 32. Rc3 Nb5 33. Rxd3
Rxd3 34. h5 Nd6 35. Nxd6 Rxd6 36. h6 Rd8 37. h7 Rh8 38. Kf3 Kc7 39. Kf4 Kd6 40.
g4 Ke7 41. Kg5 Kf8 42. Kh6 b5 43. g5 a5 44. g6 fxg6 45. Kxg6 e5 46. Rf1+ Ke7
47. Rf7+ Ke6 48. Rf6+ Kd5 49. Kg7 Rc8 50. Rf8 Rc7+ 51. Kh6 Rxh7+ 52. Kxh7 e4
53. Rd8+ Ke5 54. Kg6 e3 55. Rd1 Ke4 56. Re1 Kd3 57. Kf5 Kd2 58. Rh1 e2 59. Ke5
e1=Q+ 60. Rxe1 Kxe1 61. Kd5 1/2-1/2

[Event "Gibtelecom AmatWk1 6th"]
[Site "Gibraltar"]
[Date "2008.01.24"]
[Round "3.45"]
[White "Bath, Tom"]
[Black "Goodfellow, Russell"]
[Result "0-1"]
[WhiteElo "1424"]
[BlackElo "1648"]
[PlyCount "60"]
[EventDate "2008.01.22"]
[EventType "swiss"]
[EventRounds "5"]
[EventCountry "GGB"]
[SourceTitle "BritBase"]
[Source "www.saund.co.uk"]
[SourceDate "2018.02.10"]
[SourceVersion "1"]
[SourceVersionDate "2018.02.10"]
[SourceQuality "1"]

1. e4 c5 2. f4 e6 3. Nf3 a6 4. Nc3 Qc7 5. d3 d6 6. Be2 Nc6 7. Be3 Nf6 8. h3 b5
9. Qd2 b4 10. Nd1 Rb8 11. O-O d5 12. e5 Nd7 13. Nh2 f6 14. exf6 Nxf6 15. Ng4
Be7 16. Nxf6+ Bxf6 17. Bxc5 d4 18. Nf2 Kf7 19. Rae1 Rd8 20. Ne4 Rb5 21. Bg4 Kg8
22. Qe2 Kh8 23. Nxf6 gxf6 24. Bxe6 Rxc5 25. Rf3 Re8 26. f5 Re5 27. Qd2 Bxe6 28.
Qh6 Rxe1+ 29. Kf2 Bd5 30. Qxf6+ Qg7 0-1

[Event "Gibtelecom AmatWk1 6th"]
[Site "Gibraltar"]
[Date "2008.01.24"]
[Round "3.46"]
[White "Haddock, Paul"]
[Black "Coats, Jon R"]
[Result "0-1"]
[WhiteElo "1456"]
[BlackElo "1376"]
[PlyCount "50"]
[EventDate "2008.01.22"]
[EventType "swiss"]
[EventRounds "5"]
[EventCountry "GGB"]
[SourceTitle "BritBase"]
[Source "www.saund.co.uk"]
[SourceDate "2018.02.10"]
[SourceVersion "1"]
[SourceVersionDate "2018.02.10"]
[SourceQuality "1"]

1. e4 g6 2. Nc3 Bg7 3. d4 d6 4. Nf3 a6 5. Be2 b5 6. a3 Nd7 7. Bg5 Bb7 8. Qd2 h6
9. Bh4 Ngf6 10. e5 dxe5 11. dxe5 Ne4 12. Qe3 Nxc3 13. Qxc3 Nb6 14. Rd1 Qc8 15.
O-O c5 16. Qd2 Qg4 17. Bxe7 Nc4 18. Bxc4 Bxf3 19. g3 Qh3 20. Bxf7+ Kxf7 21.
Qf4+ Kxe7 22. Qxf3 Rhd8 23. Qb7+ Kf8 24. e6 Qxe6 25. Rfe1 Qf7 0-1

[Event "Gibtelecom AmatWk1 6th"]
[Site "Gibraltar"]
[Date "2008.01.24"]
[Round "3.47"]
[White "Stoop, Michael"]
[Black "Apps, Ian"]
[Result "1-0"]
[WhiteElo "1056"]
[BlackElo "1088"]
[PlyCount "115"]
[EventDate "2008.01.22"]
[EventType "swiss"]
[EventRounds "5"]
[EventCountry "GGB"]
[SourceTitle "BritBase"]
[Source "www.saund.co.uk"]
[SourceDate "2018.02.10"]
[SourceVersion "1"]
[SourceVersionDate "2018.02.10"]
[SourceQuality "1"]

1. d4 Nf6 2. Nf3 d5 3. e3 Nc6 4. Bd3 e6 5. O-O b6 6. Nbd2 Bd6 7. c3 Bb7 8. Qe2
Qe7 9. e4 e5 10. exd5 Nxd5 11. Nc4 f6 12. Nxd6+ cxd6 13. Re1 O-O-O 14. c4 Nc7
15. Bd2 a5 16. a3 Rhe8 17. d5 e4 18. Bxe4 Ne5 19. Bxh7 g6 20. Nxe5 Qxh7 21.
Qg4+ f5 22. Qxg6 Qxg6 23. Nxg6 Ba6 24. b3 b5 25. Ne7+ Kd7 26. Nc6 Ra8 27. Nxa5
Re4 28. Rxe4 fxe4 29. Re1 Re8 30. f3 exf3 31. Rxe8 Nxe8 32. g3 Nf6 33. Kf2 Ng4+
34. Kxf3 Nxh2+ 35. Kf4 Kc7 36. g4 Nxg4 37. Kxg4 Kb6 38. b4 bxc4 39. a4 Bb5 40.
axb5 Kxb5 41. Nb7 c3 42. Bxc3 Kc4 43. Be1 Kxd5 44. Kf4 Kc6 45. Nxd6 Kxd6 46.
Ke4 Kc6 47. Kd4 Kb5 48. Bd2 Kb6 49. Kc4 Kc6 50. b5+ Kb6 51. Be3+ Kc7 52. Kc5
Kb7 53. Bf4 Ka7 54. Kc6 Ka8 55. Be3 Kb8 56. b6 Ka8 57. b7+ Kb8 58. Bf4+ 1-0

[Event "Gibtelecom AmatWk1 6th"]
[Site "Gibraltar"]
[Date "2008.01.24"]
[Round "3.48"]
[White "Mossiaguine, Anastasia"]
[Black "Cox, Reginald"]
[Result "0-1"]
[WhiteElo "920"]
[BlackElo "1136"]
[PlyCount "112"]
[EventDate "2008.01.22"]
[EventType "swiss"]
[EventRounds "5"]
[EventCountry "GGB"]
[SourceTitle "BritBase"]
[Source "www.saund.co.uk"]
[SourceDate "2018.02.10"]
[SourceVersion "1"]
[SourceVersionDate "2018.02.10"]
[SourceQuality "1"]

1. e4 d6 2. Nf3 Nf6 3. Nc3 e5 4. Bc4 Be7 5. O-O O-O 6. d3 h6 7. Qe2 Bg4 8. h3
Bh5 9. Be3 c6 10. a3 b5 11. Bb3 a5 12. d4 exd4 13. Bxd4 a4 14. Ba2 Nbd7 15. b3
axb3 16. Bxb3 Re8 17. Rfe1 Nh7 18. Qf1 Bxf3 19. gxf3 Bf6 20. Bxf6 Qxf6 21. Ne2
Qxf3 22. Qg2 Qxg2+ 23. Kxg2 Nc5 24. Nc3 Nxb3 25. cxb3 Ng5 26. Kh2 Nf3+ 27. Kg2
Nxe1+ 28. Rxe1 Rxa3 29. Nd1 Rxb3 30. f3 Rb1 31. h4 b4 32. Kf2 c5 33. f4 b3 34.
Nc3 Rxe1 35. Kxe1 Rb8 36. Kd2 c4 37. e5 dxe5 38. fxe5 Rd8+ 39. Kc1 Rd3 40. Kb2
Rh3 41. e6 fxe6 42. h5 Rxh5 43. Ka3 g5 44. Kb2 g4 45. Ne4 Rh2+ 46. Ka3 Kf8 47.
Nf6 g3 48. Ng4 Ra2+ 49. Kb4 b2 50. Kxc4 b1=Q 51. Ne3 g2 52. Kd4 g1=Q 53. Kc5
Qxe3+ 54. Kd6 Qed3+ 55. Kc7 Qc1+ 56. Kb8 Qb5# 0-1

[Event "Gibtelecom AmatWk1 6th"]
[Site "Gibraltar"]
[Date "2008.01.24"]
[Round "3.49"]
[White "Salomon, Johan"]
[Black "Mossiaguine, Arina"]
[Result "1-0"]
[WhiteElo "1000"]
[BlackElo "1111"]
[PlyCount "61"]
[EventDate "2008.01.22"]
[EventType "swiss"]
[EventRounds "5"]
[EventCountry "GGB"]
[SourceTitle "BritBase"]
[Source "www.saund.co.uk"]
[SourceDate "2018.02.10"]
[SourceVersion "1"]
[SourceVersionDate "2018.02.10"]
[SourceQuality "1"]

1. e4 e6 2. d4 d5 3. e5 c5 4. c3 Qb6 5. f4 Bd7 6. Nf3 Bb5 7. Bxb5+ Qxb5 8. Na3
Qa6 9. Nc2 Be7 10. b3 Nd7 11. Bb2 Nh6 12. Ne3 O-O 13. g4 f5 14. g5 Ng4 15. Ng2
h6 16. h3 Ngxe5 17. Nxe5 Nxe5 18. fxe5 cxd4 19. cxd4 Bxg5 20. h4 Be7 21. a3 g5
22. hxg5 Bxg5 23. Bc1 f4 24. Nxf4 Bxf4 25. Qg4+ Bg5 26. Rxh6 Qa5+ 27. b4 Qd8
28. Bxg5 Qxg5 29. Qxg5+ Kf7 30. Rh7+ Ke8 31. Qe7# 1-0

[Event "Gibtelecom AmatWk1 6th"]
[Site "Gibraltar"]
[Date "2008.01.25"]
[Round "4.33"]
[White "Flanagan, Samuel"]
[Black "Dickens, Rupert"]
[Result "1-0"]
[WhiteElo "1618"]
[BlackElo "1840"]
[PlyCount "55"]
[EventDate "2008.01.22"]
[EventType "swiss"]
[EventRounds "5"]
[EventCountry "GGB"]
[SourceTitle "BritBase"]
[Source "www.saund.co.uk"]
[SourceDate "2018.02.10"]
[SourceVersion "1"]
[SourceVersionDate "2018.02.10"]
[SourceQuality "1"]

1. d4 Nf6 2. Bg5 e6 3. e3 b6 4. Nf3 Bb7 5. Bd3 Be7 6. Nbd2 O-O 7. O-O d5 8. Ne5
c5 9. c3 Nbd7 10. Ndf3 Ne4 11. Nxd7 Qxd7 12. Ne5 Qd8 13. Bxe7 Qxe7 14. Qh5 Rad8
15. Rad1 f6 16. Nf3 Qe8 17. Qh4 e5 18. dxe5 fxe5 19. Bxe4 dxe4 20. Ng5 Qg6 21.
Rxd8 Rxd8 22. Nxe4 Rd2 23. Ng3 h6 24. b4 Qc6 25. e4 cxb4 26. cxb4 Qc2 27. Qe7
Bxe4 28. Nh5 1-0

[Event "Gibtelecom AmatWk1 6th"]
[Site "Gibraltar"]
[Date "2008.01.25"]
[Round "4.34"]
[White "Hughes, Lloyd"]
[Black "Sellak, Haddou"]
[Result "0-1"]
[WhiteElo "1745"]
[BlackElo "1000"]
[PlyCount "88"]
[EventDate "2008.01.22"]
[EventType "swiss"]
[EventRounds "5"]
[EventCountry "GGB"]
[SourceTitle "BritBase"]
[Source "www.saund.co.uk"]
[SourceDate "2018.02.10"]
[SourceVersion "1"]
[SourceVersionDate "2018.02.10"]
[SourceQuality "1"]

1. e4 c5 2. Nf3 Nc6 3. d4 cxd4 4. Nxd4 Nf6 5. Nc3 e5 6. Ndb5 d6 7. Na3 a6 8.
Bg5 b5 9. Nd5 Be7 10. Bxf6 Bxf6 11. c3 Rb8 12. Nc2 Bg5 13. Be2 Ne7 14. Ncb4
Nxd5 15. Nxd5 O-O 16. Bd3 Be6 17. Bc2 a5 18. O-O Kh8 19. Re1 g6 20. Ne3 Qd7 21.
Qe2 f5 22. exf5 gxf5 23. Rad1 Rbd8 24. Nf1 e4 25. Bb3 d5 26. a3 Qb7 27. Ba2 b4
28. axb4 axb4 29. Ng3 Bf6 30. Nh5 Be5 31. f4 Bb8 32. Qd2 Ba7+ 33. Kh1 b3 34.
Bb1 Bc5 35. Bxe4 fxe4 36. Rxe4 dxe4 37. Qxd8 Rxd8 38. Rxd8+ Bg8 39. Nf6 Qg7 40.
Rxg8+ Qxg8 41. Nxg8 Kxg8 42. g4 Ba3 43. c4 Bxb2 44. c5 Ba3 0-1

[Event "Gibtelecom AmatWk1 6th"]
[Site "Gibraltar"]
[Date "2008.01.25"]
[Round "4.35"]
[White "Aagedal, Geir Ole"]
[Black "Loberg, Jo Kristian"]
[Result "1-0"]
[WhiteElo "1839"]
[BlackElo "1450"]
[PlyCount "81"]
[EventDate "2008.01.22"]
[EventType "swiss"]
[EventRounds "5"]
[EventCountry "GGB"]
[SourceTitle "BritBase"]
[Source "www.saund.co.uk"]
[SourceDate "2018.02.10"]
[SourceVersion "1"]
[SourceVersionDate "2018.02.10"]
[SourceQuality "1"]

1. c4 Nf6 2. Nc3 g6 3. g3 Bg7 4. Bg2 d6 5. e4 e5 6. Nge2 Be6 7. d3 O-O 8. O-O
Qd7 9. f4 Bh3 10. f5 Bxg2 11. Kxg2 c6 12. Qb3 Qc7 13. Bd2 Kh8 14. h3 Nbd7 15.
Rf3 h6 16. Raf1 Kh7 17. g4 g5 18. Rh1 Kg8 19. h4 Nh7 20. Ng3 f6 21. Nh5 Nc5 22.
Qd1 Kf7 23. b4 Nd7 24. Qb3 c5 25. Nd5 Qd8 26. b5 b6 27. Rfh3 Rh8 28. a4 Qc8 29.
Nxg7 Kxg7 30. Ne7 Qd8 31. Ng6 Ndf8 32. Nxh8 Kxh8 33. hxg5 hxg5 34. Qd1 Qe7 35.
a5 Qc7 36. Rh6 Qe7 37. Qa4 Rb8 38. Kf3 Rb7 39. axb6 axb6 40. Qa8 Ra7 41. Rxh7+
1-0

[Event "Gibtelecom AmatWk1 6th"]
[Site "Gibraltar"]
[Date "2008.01.25"]
[Round "4.36"]
[White "Horlock, Peter J"]
[Black "Yarur Elsaca, Daniel"]
[Result "1-0"]
[WhiteElo "1592"]
[BlackElo "1846"]
[PlyCount "75"]
[EventDate "2008.01.22"]
[EventType "swiss"]
[EventRounds "5"]
[EventCountry "GGB"]
[SourceTitle "BritBase"]
[Source "www.saund.co.uk"]
[SourceDate "2018.02.10"]
[SourceVersion "1"]
[SourceVersionDate "2018.02.10"]
[SourceQuality "1"]

1. e4 e5 2. Nf3 d6 3. d4 exd4 4. Nxd4 Nf6 5. Bd3 Be7 6. b3 O-O 7. Bb2 d5 8.
exd5 Qxd5 9. O-O Nbd7 10. Nf5 Bd6 11. c4 Qc6 12. Re1 b6 13. Qd2 Bb7 14. Qg5
Qxg2+ 15. Qxg2 Bxg2 16. Kxg2 Rae8 17. Rxe8 Rxe8 18. Nxd6 cxd6 19. Bxf6 Nxf6 20.
Nd2 h6 21. Nf3 Nh5 22. Rd1 Rd8 23. Nd4 d5 24. Nc6 Rd6 25. Ne7+ Kf8 26. Nxd5 b5
27. Be2 g6 28. Bxh5 gxh5 29. cxb5 Rg6+ 30. Kf3 Rd6 31. a4 f6 32. a5 Kf7 33. b6
axb6 34. axb6 Rd7 35. Ke4 Rb7 36. Rc1 Ke6 37. Rc6+ Kd7 38. Rxf6 1-0

[Event "Gibtelecom AmatWk1 6th"]
[Site "Gibraltar"]
[Date "2008.01.25"]
[Round "4.37"]
[White "Wright, Jonathan"]
[Black "Goodfellow, Russell"]
[Result "1-0"]
[WhiteElo "1776"]
[BlackElo "1648"]
[PlyCount "56"]
[EventDate "2008.01.22"]
[EventType "swiss"]
[EventRounds "5"]
[EventCountry "GGB"]
[SourceTitle "BritBase"]
[Source "www.saund.co.uk"]
[SourceDate "2018.02.10"]
[SourceVersion "1"]
[SourceVersionDate "2018.02.10"]
[SourceQuality "1"]

1. e4 c5 2. Nc3 Nc6 3. g3 g6 4. Bg2 Bg7 5. d3 e6 6. Nge2 d6 7. O-O Nge7 8. f4
d5 9. e5 f6 10. exf6 Bxf6 11. Be3 b6 12. g4 O-O 13. d4 Ba6 14. Rf3 Rc8 15. Rc1
b5 16. f5 exf5 17. Nf4 fxg4 18. Rg3 cxd4 19. Ne6 Qd6 20. Nxd4 b4 21. Nxc6 bxc3
22. Nxe7+ Qxe7 23. Qxd5+ Kh8 24. b3 Be5 25. Bd4 Rf5 26. Re1 Bxd4+ 27. Qxd4+ Qf6
28. Qe3 h5 {... more moves played but scoresheets illegible/incomplete} 1-0

[Event "Gibtelecom AmatWk1 6th"]
[Site "Gibraltar"]
[Date "2008.01.25"]
[Round "4.38"]
[White "Hannan, Peter"]
[Black "Kuenitz, Klaus"]
[Result "1-0"]
[WhiteElo "1728"]
[BlackElo "1645"]
[PlyCount "61"]
[EventDate "2008.01.22"]
[EventType "swiss"]
[EventRounds "5"]
[EventCountry "GGB"]
[SourceTitle "BritBase"]
[Source "www.saund.co.uk"]
[SourceDate "2018.02.10"]
[SourceVersion "1"]
[SourceVersionDate "2018.02.10"]
[SourceQuality "1"]

1. e4 e6 2. d4 d5 3. e5 c5 4. c3 Nc6 5. Nf3 Bd7 6. a3 f6 7. b4 cxd4 8. cxd4 Qc7
9. b5 Na5 10. Bf4 Nc4 11. a4 Bb4+ 12. Bd2 Nxd2 13. Nbxd2 Rc8 14. Bd3 Bc3 15.
Ra2 fxe5 16. dxe5 Bxe5 17. Rc2 Qb8 18. Rxc8+ Bxc8 19. Qc2 Nf6 20. O-O O-O 21.
Nxe5 Qxe5 22. Nf3 Qf4 23. Re1 Bd7 24. Ne5 Rc8 25. Qe2 Re8 26. Qc2 Qb4 27. Rc1
Kf8 28. Bxh7 Nxh7 29. Qxh7 Qd6 30. Ng6+ Kf7 31. Rc3 1-0

[Event "Gibtelecom AmatWk1 6th"]
[Site "Gibraltar"]
[Date "2008.01.25"]
[Round "4.39"]
[White "Garcia Lechugo, Francisco"]
[Black "France, Robert"]
[Result "0-1"]
[WhiteElo "1515"]
[BlackElo "1648"]
[PlyCount "58"]
[EventDate "2008.01.22"]
[EventType "swiss"]
[EventRounds "5"]
[EventCountry "GGB"]
[SourceTitle "BritBase"]
[Source "www.saund.co.uk"]
[SourceDate "2018.02.10"]
[SourceVersion "1"]
[SourceVersionDate "2018.02.10"]
[SourceQuality "1"]

1. c4 Nf6 2. g3 g6 3. b4 Bg7 4. Bb2 O-O 5. Nf3 d6 6. Bg2 Nbd7 7. O-O a5 8. b5
e5 9. Nc3 Nh5 10. Ng5 Qxg5 11. Qc2 f5 12. Nd5 Qd8 13. Qb3 Nc5 14. Qc2 c6 15.
bxc6 bxc6 16. Nc3 Bd7 17. Rab1 a4 18. f3 a3 19. Ba1 f4 20. g4 Nf6 21. Kf2 Ne6
22. h4 Nd4 23. Qc1 Bxg4 24. Rh1 Bf5 25. d3 Nh5 26. Ne4 Bxe4 27. dxe4 Bf6 28.
Qg1 Bxh4+ 29. Kf1 Ng3+ 0-1

[Event "Gibtelecom AmatWk1 6th"]
[Site "Gibraltar"]
[Date "2008.01.25"]
[Round "4.40"]
[White "Booth, Chris"]
[Black "Cox, Marian"]
[Result "1-0"]
[WhiteElo "1840"]
[BlackElo "1200"]
[PlyCount "63"]
[EventDate "2008.01.22"]
[EventType "swiss"]
[EventRounds "5"]
[EventCountry "GGB"]
[SourceTitle "BritBase"]
[Source "www.saund.co.uk"]
[SourceDate "2018.02.10"]
[SourceVersion "1"]
[SourceVersionDate "2018.02.10"]
[SourceQuality "1"]

1. d4 Nf6 2. Nf3 d5 3. Bf4 e6 4. e3 Bd6 5. Bg3 Bxg3 6. hxg3 a6 7. Bd3 h6 8.
Nbd2 Nc6 9. c3 b6 10. e4 dxe4 11. Nxe4 Nxe4 12. Bxe4 Bb7 13. Ne5 Qd6 14. Qe2
Rf8 15. f4 O-O-O 16. Nxc6 Bxc6 17. Qxa6+ Kb8 18. Qe2 Bxe4 19. Qxe4 Qd5 20. Qxd5
exd5 21. Kd2 Rfe8 22. Rae1 Ka7 23. Rh5 Rxe1 24. Kxe1 Re8+ 25. Kd2 c6 26. Re5
Re6 27. f5 Rxe5 28. dxe5 Kb7 29. a4 Kc7 30. b4 h5 31. a5 bxa5 32. bxa5 1-0

[Event "Gibtelecom AmatWk1 6th"]
[Site "Gibraltar"]
[Date "2008.01.25"]
[Round "4.42"]
[White "Coats, Jon R"]
[Black "Hughes, Peter"]
[Result "0-1"]
[WhiteElo "1376"]
[BlackElo "1664"]
[PlyCount "112"]
[EventDate "2008.01.22"]
[EventType "swiss"]
[EventRounds "5"]
[EventCountry "GGB"]
[SourceTitle "BritBase"]
[Source "www.saund.co.uk"]
[SourceDate "2018.02.10"]
[SourceVersion "1"]
[SourceVersionDate "2018.02.10"]
[SourceQuality "1"]

1. Nf3 c5 2. c4 g6 3. Nc3 Nc6 4. e3 Bg7 5. d4 cxd4 6. exd4 d6 7. Be2 Nf6 8. O-O
O-O 9. Re1 Bf5 10. d5 Nb8 11. Nd4 Bd7 12. Rb1 a5 13. b4 Na6 14. bxa5 Nc5 15.
Ba3 Qxa5 16. Bb4 Qa6 17. a3 Rac8 18. Ndb5 Rfe8 19. Bf3 Bf5 20. Ra1 Nd3 21. Re3
Ne5 22. Be2 Nxc4 23. Bxc4 Rxc4 24. Qe2 Rxb4 25. Nc7 Qxe2 26. Rxe2 Rb3 27. Nxe8
Nxe8 28. Rxe7 Nf6 29. Ne2 Kf8 30. Nd4 Kxe7 31. Nxb3 Nxd5 32. Re1+ Kd7 33. Na5
Bc3 34. Rd1 Bxa5 35. Rxd5 Bd8 36. h3 Be6 37. Rb5 Kc6 38. Rb4 d5 39. a4 Be7 40.
Rb2 b6 41. Kf1 Bc5 42. Ke2 Bf5 43. g4 Be6 44. f3 h5 45. Kd3 hxg4 46. hxg4 f5
47. g5 f4 48. Rh2 Bf5+ 49. Kc3 Be3 50. Rh8 d4+ 51. Kc4 d3 52. Rd8 d2 53. Kc3
Kc7 54. Rxd2 Bxd2+ 55. Kxd2 Kc6 56. Kc3 Kc5 0-1

[Event "Gibtelecom AmatWk1 6th"]
[Site "Gibraltar"]
[Date "2008.01.25"]
[Round "4.43"]
[White "Dimitrov, Daniel"]
[Black "Garcia, Mario"]
[Result "1-0"]
[WhiteElo "1000"]
[BlackElo "1663"]
[PlyCount "83"]
[EventDate "2008.01.22"]
[EventType "swiss"]
[EventRounds "5"]
[EventCountry "GGB"]
[SourceTitle "BritBase"]
[Source "www.saund.co.uk"]
[SourceDate "2018.02.10"]
[SourceVersion "1"]
[SourceVersionDate "2018.02.10"]
[SourceQuality "1"]

1. e4 e5 2. Nc3 Nf6 3. g3 Nc6 4. Bg2 d6 5. Nge2 Be7 6. O-O O-O 7. d3 Bg4 8. h3
Be6 9. f4 exf4 10. Nxf4 Qd7 11. d4 Bc4 12. Re1 Rad8 13. b3 Ba6 14. Bb2 Rfe8 15.
Ncd5 Nxd5 16. exd5 Nb8 17. Nh5 Qf5 18. g4 Qg6 19. Be4 Qh6 20. Qf3 g6 21. Bc1
Qf8 22. Kh1 Nd7 23. c3 gxh5 24. Qf5 Nf6 25. Bc2 Kh8 26. g5 Qg7 27. gxf6 Qg6 28.
Qxg6 hxg6 29. Rxe7 Rxe7 30. fxe7 Re8 31. Bg5 Kg7 32. Re1 Bb5 33. c4 Bd7 34. Kg2
f6 35. Bd2 Bf5 36. Bxf5 gxf5 37. Kf3 Kf7 38. Kf4 Rxe7 39. Rxe7+ Kxe7 40. Kxf5
Kf7 41. Bh6 a6 42. c5 1-0

[Event "Gibtelecom AmatWk1 6th"]
[Site "Gibraltar"]
[Date "2008.01.25"]
[Round "4.44"]
[White "Bishop, Geoffrey L"]
[Black "Hansen, Linda Marie"]
[Result "0-1"]
[WhiteElo "1664"]
[BlackElo "1531"]
[PlyCount "120"]
[EventDate "2008.01.22"]
[EventType "swiss"]
[EventRounds "5"]
[EventCountry "GGB"]
[SourceTitle "BritBase"]
[Source "www.saund.co.uk"]
[SourceDate "2018.02.10"]
[SourceVersion "1"]
[SourceVersionDate "2018.02.10"]
[SourceQuality "1"]

1. e4 e5 2. Nf3 Nc6 3. Bb5 a6 4. Ba4 b5 5. Bb3 Na5 6. O-O Nxb3 7. axb3 d6 8. d4
exd4 9. Qxd4 Bb7 10. Re1 Ne7 11. Bg5 Nc6 12. Qc3 f6 13. Bh4 Be7 14. Nbd2 O-O
15. Nf1 Ne5 16. Nd4 Qd7 17. Rad1 Rac8 18. Nf5 Rfe8 19. f4 Ng6 20. Qg3 Bf8 21.
Qg4 Kh8 22. N1g3 Bxe4 23. Rxe4 Rxe4 24. Nxe4 Nxh4 25. Qxh4 Qxf5 26. Nc3 Qxc2
27. Qg4 f5 28. Qf3 c6 29. Qe3 b4 30. Rc1 Qxb3 31. Nd5 Qxe3+ 32. Nxe3 g6 33. Nc4
Re8 34. Kf2 Kg7 35. b3 c5 36. Rd1 Rd8 37. Nb6 Kf7 38. Nd5 Ra8 39. Re1 a5 40.
Nb6 Ra7 41. Ra1 Bg7 42. Ra2 Bd4+ 43. Ke2 Re7+ 44. Kd3 Re3+ 45. Kc4 Rc3+ 46. Kb5
Rxb3 47. Rxa5 d5 48. Nxd5 Rb2 49. Kc4 Rc2+ 50. Kd3 Rxg2 51. Ra7+ Ke6 52. Nxb4
cxb4 53. Kxd4 Rxh2 54. Ra6+ Kd7 55. Rb6 Rh4 56. Ke5 Rh1 57. Rxb4 Re1+ 58. Kf6
Kd6 59. Rb7 Rh1 60. Rb6+ Kd5 0-1